00624nam a2200193Ia 450000500170000000800410001702000150005808200190007310000140009224500940010626000600020030000150026065000090027565000130028465000170029794200060031495200950032099900150041520250317040818.0240331s9999 xx 000 0 und d a9555800359 bPER26580a301 aPerera, S 4aThe World According to Me:bAn Interpretation of the Ordinary, the Common and the Mundane aColombo,bInternational Centre for Ethnic Studiesc1999 ax, 151 p., aMyth aPolitics aArchitecture cL 001040708LaWERCLbWERCLcSSCd2024-03-31l0o 301 PERp6580r2024-03-31w2024-03-31yL c4997d4997